Just Dance 2025 Edition Soundtrack - Statistics

General Stats
  • This quiz has been taken 29 times
  • The average score is 28 of 46
Answer Stats
Answer Artist Year % Correct
Espresso Sabrina Carpenter 2024
96%
Yeah! Usher (ft. Lil Jon) 2004
88%
Exes Tate McRae 2023
85%
Whenever, Wherever Shakira 2001
85%
Lunch Billie Eilish 2024
81%
Vogue Madonna 1990
81%
Apple Charli XCX 2024
77%
One Last Time Ariana Grande 2015
77%
My Heart Will Go On Celine Dion 1997
73%
Poker Face Lady Gaga 2008
73%
The Boy Is Mine Ariana Grande 2024
73%
Training Season Dua Lipa 2024
73%
Unstoppable Sia 2016
73%
We Can't Be Friends (Wait for Your Love) Ariana Grande 2024
73%
Break Up with Your Girlfriend, I'm Bored Ariana Grande 2019
69%
In Your Eyes (Remix) The Weeknd (ft. Doja Cat) 2020
69%
Payphone Maroon 5 (ft. Wiz Khalifa) 2012
69%
Pink Venom Blackpink 2022
69%
Sweet Melody Little Mix 2020
69%
In the Shadows The Rasmus 2003
65%
Lovin on Me Jack Harlow 2023
65%
Padam Padam Kylie Minogue 2023
65%
Paint the Town Red Doja Cat 2023
65%
Party in the U.S.A. Miley Cyrus 2009
65%
Yes, And? Ariana Grande 2024
65%
Bang Bang! (My Neurodivergent Anthem) Galantis 2023
62%
Basket Case Green Day 1994
62%
Play Date Melanie Martinez 2015
62%
Pigstep Lena Raine, Minecraft, and Dancing Bros. 2024
58%
Stop This Fire Nius 2024
58%
Calabria 2007 Enur (ft. Natasja) 2007
54%
Centuries Fall Out Boy 2014
54%
Feel So Close Calvin Harris 2011
54%
I Like The Way You Kiss Me Artemas 2024
54%
You Love Who You Love Zara Larsson 2024
54%
Sleigh Ride Mrs. Claus and the Elves 1963
50%
Control Response Hyper 2020
46%
The Lion Sleeps Tonight (Wimoweh) The Tokens 1961
46%
Move Your Body The Sunlight Shakers 2024
42%
Sunlight The Just Dance Band 2024
42%
Halloween's Here The Just Dance Band 2024
38%
SpongeBob's Birthday Groove Century 2024
38%
Chattahoochee Alan Jackson 1993
35%
Dubidubidu (Chipi Chipi Chapa Chapa) Christell 2003
35%
Something I Can Feel Mandy Harvey 2022
35%
Mi Gente lo Siente Don Elektron and Gotopo 2024
23%
No matching quizzes found
Score Distribution
Percent of People with Each Score
Percentile by Number Answered
Your Score History
You have not taken this quiz